| 000 | 00644nam a2200133Ia 4500 | ||
|---|---|---|---|
| 008 | 171212s9999 xx 000 0 und d | ||
| 020 | _a9780833038234 | ||
| 100 | _aRathmell, Andrew;Oliker, Olga;Kelly, Terrence K.;Brannan, David;Crane, Keith | ||
| 245 |
_cRathmell, Andrew;Oliker, Olga;Kelly, Terrence K.;Brannan, David;Crane, Keith _aDeveloping Iraq's Security Sector _bThe Coalition Provisional Authority's Experience |
||
| 260 |
_bRAND Corporation _c2005 |
||
| 650 | _aCivil defense -- Iraq; National security -- Iraq; Law enforcement -- Iraq; Police -- Iraq | ||
| 650 | _aPolitical Science | ||
| 856 | _uwww.jstor.org/stable/10.7249/mg365osd | ||
| 999 |
_c351946 _d351946 |
||